Proposed EU measures for control of foot and mouth (Record no. 72635)

MARC details
000 -LEADER
fixed length control field 00965cam a2200229 4500
001 - CONTROL NUMBER
control field WB3917-15
008 - FIXED-LENGTH DATA ELEMENTS--GENERAL INFORMATION
fixed length control field 030508n2003 000 0 eng u
035 ## - SYSTEM CONTROL NUMBER
System control number (Sirsi) u122215
245 ## - TITLE STATEMENT
Title Proposed EU measures for control of foot and mouth
260 ## - PUBLICATION, DISTRIBUTION, ETC.
Date of publication, distribution, etc. 2003
490 ## - SERIES STATEMENT
Series statement RICS Rural Faculty News
Volume/sequential designation 6 May 2003 (1)
520 ## - SUMMARY, ETC.
Summary, etc. RICS has responded to the DEFRA consultation on the proposed EU Directive on Community measures for the control of foot and mouth. RICS highlights the importance of the availability of vaccine for emergency use as well as adequate treatment of meat and milk products. http://www.rics.org/ricscms/bin/show?class=News&template=/includes/shownews.html&id=5668&faculty=Rural&faculty=All Faculties
590 ## - LOCAL NOTE (RLIN)
Local note WB
650 ## - SUBJECT ADDED ENTRY--TOPICAL TERM
Topical term or geographic name entry element DEFRA
650 ## - SUBJECT ADDED ENTRY--TOPICAL TERM
Topical term or geographic name entry element CONSULTATION PAPERS
650 ## - SUBJECT ADDED ENTRY--TOPICAL TERM
Topical term or geographic name entry element FOOT-AND-MOUTH DISEASE
650 ## - SUBJECT ADDED ENTRY--TOPICAL TERM
Topical term or geographic name entry element EC DIRECTIVES
650 ## - SUBJECT ADDED ENTRY--TOPICAL TERM
Topical term or geographic name entry element REGULATIONS
650 ## - SUBJECT ADDED ENTRY--TOPICAL TERM
Topical term or geographic name entry element VACCINATIONS
690 ## - LOCAL SUBJECT ADDED ENTRY--TOPICAL TERM (OCLC, RLIN)
Topical term or geographic name as entry element Rural
9 (RLIN) 6268
942 ## - ADDED ENTRY ELEMENTS (KOHA)
Suppress in OPAC 0
Holdings
Withdrawn status Lost status Source of classification or shelving scheme Damaged status Not for loan Home library Current library Shelving location Date acquired Total Checkouts Full call number Barcode Date last seen Copy number Price effective from Koha item type
    Dewey Decimal Classification     London London News article 08/05/2003   WB3917-15 122215-1001 06/08/2019 1 06/08/2019 News article